Bauhaus 1919 - 1933 (Record no. 21064)

MARC details
000 -CABECERA
campo de control de longitud fija 01057nam a2200313 4500
003 - IDENTIFICADOR DEL NÚMERO DE CONTROL
campo de control OSt
005 - FECHA Y HORA DE LA ÚLTIMA TRANSACCIÓN
campo de control 20260601193404.0
008 - DATOS DE LONGITUD FIJA--INFORMACIÓN GENERAL
campo de control de longitud fija 260421b19191933 a|||| |||| 00| 0 spa d
020 ## - NÚMERO INTERNACIONAL ESTÁNDAR DEL LIBRO
Número Internacional Estándar del Libro 9783822850008
040 ## - FUENTE DE LA CATALOGACIÓN
Centro catalogador/agencia de origen ICI
Lengua de catalogación spa
Centro/agencia transcriptor ICI
041 ## - CÓDIGO DE LENGUA
Código de lengua del texto/banda sonora o título independiente spa
050 ## - SIGNATURA TOPOGRÁFICA DE LA BIBLIOTECA DEL CONGRESO
Número de clasificación N332.G33
Número de documento/Ítem B38318 2019
100 #1 - ENTRADA PRINCIPAL--NOMBRE DE PERSONA
Nombre de persona Droste, Magdalena,
Fechas asociadas al nombre autor
9 (RLIN) 35290
245 #1 - MENCIÓN DE TÍTULO
Título Bauhaus 1919 - 1933
Mención de responsabilidad, etc. Madgadela Droste ; traducción de la edición ampliada, Carmen Villa
264 #1 - PRODUCCIÓN, PUBLICACIÓN, DISTRIBUCIÓN, FABRICACIÓN Y COPYRIGHT
Nombre del de productor, editor, distribuidor, fabricante TASCHEN
Fecha de producción, publicación, distribución, fabricación o copyright 2019
Producción, publicación, distribución, fabricación y copyright Köln
300 ## - DESCRIPCIÓN FÍSICA
Extensión 256 páginas
Otras características físicas ilustraciones ;
336 ## - TIPO DE CONTENIDO
Término de tipo de contenido texto
Fuente rdacontent
337 ## - TIPO DE MEDIO
Nombre/término del tipo de medio sin medio
Fuente rdamedia
338 ## - TIPO DE SOPORTE
Nombre/término del tipo de soporte volumen
Fuente rdacarrier
500 ## - NOTA GENERAL
Nota general Reimpresiones: (2015)
610 #2 - PUNTO DE ACCESO ADICIONAL DE MATERIA--NOMBRE DE ENTIDAD CORPORATIVA
Nombre de entidad corporativa o nombre de jurisdicción como elemento de entrada Bauhaus
Subdivisión general Exhibiciones
9 (RLIN) 35291
610 #2 - PUNTO DE ACCESO ADICIONAL DE MATERIA--NOMBRE DE ENTIDAD CORPORATIVA
Nombre de entidad corporativa o nombre de jurisdicción como elemento de entrada Bauhaus
Subdivisión general Historia
9 (RLIN) 35292
650 ## - PUNTO DE ACCESO ADICIONAL DE MATERIA--TÉRMINO DE MATERIA
Término de materia o nombre geográfico como elemento de entrada Arte moderno
Subdivisión general Exposiciones
Subdivisión cronológica Siglo XX
Subdivisión geográfica Alemania
9 (RLIN) 35293
650 ## - PUNTO DE ACCESO ADICIONAL DE MATERIA--TÉRMINO DE MATERIA
Término de materia o nombre geográfico como elemento de entrada Diseño
Subdivisión cronológica Siglo XX
Subdivisión geográfica Alemania
9 (RLIN) 35294
650 ## - PUNTO DE ACCESO ADICIONAL DE MATERIA--TÉRMINO DE MATERIA
Término de materia o nombre geográfico como elemento de entrada Arte
Subdivisión general Estudio y enseñanza
Subdivisión cronológica Siglo XX
Subdivisión geográfica Alemania
9 (RLIN) 35295
700 ## - PUNTO DE ACCESO ADICIONAL--NOMBRE DE PERSONA
Nombre de persona Lagier, Diana
Término indicativo de función/relación traductor
9 (RLIN) 35296
700 ## - PUNTO DE ACCESO ADICIONAL--NOMBRE DE PERSONA
Nombre de persona Gossel, Peter
Término indicativo de función/relación editor
9 (RLIN) 35297
942 ## - ELEMENTOS DE PUNTO DE ACCESO ADICIONAL (KOHA)
Fuente del sistema de clasificación o colocación Library of Congress Classification
Tipo de ítem Koha Libros
Suprimir en OPAC 1
Holdings
Estado de retiro Estado de pérdida Fuente del sistema de clasificación o colocación Estado dañado No para préstamo Localización permanente Ubicación/localización actual Fecha de adquisición Total de préstamos Signatura topográfica completa Código de barras Fecha visto por última vez Número de copia Precio válido a partir de Tipo de ítem Koha
El ejemplar forma parte de la colección y puede ser consultado según las políticas vigentes.   Library of Congress Classification     Biblioteca de Diseño Museo Franz Mayer Biblioteca de Diseño Museo Franz Mayer 21/04/2026   N332.G33 B38318 2019 BDIMFM000793 21/04/2026 Ej.2 21/04/2026 Libros
El ejemplar forma parte de la colección y puede ser consultado según las políticas vigentes.   Library of Congress Classification     Biblioteca de Diseño Museo Franz Mayer Biblioteca de Diseño Museo Franz Mayer 06/05/2026   N332.G33 B38318 2019 BDIMFM000546 06/05/2026 EJ.1 06/05/2026 Libros